Paroles - L'Assassymphonie - Statistiques

Statistiques générales
  • Ce quiz a été pris 246 fois
  • Le résultat moyen est 162 sur 215
Statistiques - réponses
Paroles % Correct
La
99%
la
99%
A
98%
Je
98%
je
98%
me
98%
nuit,
97%
ce
94%
mes
94%
voue
94%
nuits
93%
Cette
89%
cette
89%
Qui
89%
qui
89%
que
85%
de
84%
folie
84%
insomnie
84%
guette
82%
ma
82%
suis
80%
Et
79%
tête
79%
tu
79%
ceux
78%
intenable
78%
tous
78%
scie
77%
cacophonie
76%
s'aiment.
76%
fuis
75%
Aux
74%
aux
74%
(Aux
74%
maudis
74%
J'avoue
72%
le
72%
sème
71%
Elle
70%
requiems
70%
requiems)
70%
subis
70%
tes
69%
dit,
68%
advienne
67%
délits
67%
Quoi
67%
blasphèmes
66%
qu'il
66%
mon
65%
Mon
65%
harmonie
64%
dans
63%
l'Assasymphonie
63%
(l'Assasymphonie)
63%
par
63%
chaînes
62%
ses
62%
Ses
62%
dépit
61%
paieras
60%
Sans
60%
sans
60%
les
59%
Tuant
59%
Assommante
58%
On
58%
peines
58%
fatale
55%
joue
55%
être
54%
faux
54%
hérésie
54%
mélomanie
54%
sonne
54%
symphonie
54%
traîne
54%
concerto
53%
défaites
53%
ennui
52%
envies
52%
désharmonie
51%
renie
51%
ronge
51%
vie
51%
Fête
50%
veux
50%
violence
50%
esprit
49%
talent
49%
toucher
49%
noie
48%
violons
48%
renaître
47%
Renaitre
47%
répit,
47%
tapi
47%
tue
47%
L'ennemi
46%
défie
39%
phobies
39%
Pleurent
39%
Siphonnée
36%
Déconcertants
35%
beau
28%
Aucun quiz correspondant
Distribution des résultats
% des personnes avec chaque résultat
Percentile par nombre de réponses
Votre historique - résultats
Vous n’avez pas pris ce quiz